Fasada ratusza poznańskiego

Titel: Fasada ratusza poznańskiego : Recepcja form z traktatu Serlia i antyczny program / Jerzy Kowalczyk
Verfasser:
In: Rocznik historii sztuki, Band 8 (1970), Seite 141-176
alle Artikel anzeigen
Veröffentlicht: 1970
Umfang: Illustrationen
Format: Aufsatz
Sprache: Polnisch
Schlagworte:
Vorliegende Ausgabe: Online-Ausgabe Heidelberg: Univ.-Bibl., 2012. - 1 Online-Ressource.
Kein Bild verfügbar
X
alg: 47164611
001A    $06055:06-11-20 
001B    $03025:26-11-25 $t16:38:27.000 
001D    $06055:06-11-20 
001U    $0utf8 
001X    $00 
002@    $0Oox 
002C    $aText $btxt $2rdacontent 
002D    $aComputermedien $bc $2rdamedia 
002E    $aOnline-Ressource $bcr $2rdacarrier 
003@    $0471646113 
004U    $0urn:nbn:de:bsz:16-diglit-133960 $SV98 
007A    $0471646113 $aHEB 
007I    $0HHB-366643479 
007I    $0HHB-1436643473 
009Q    $SV98 $uhttp://digi.ub.uni-heidelberg.de/diglit/rhs1970/0147 $xH 
010@    $apol 
011@    $a1970 
011B    $a2012 
021A    $aFasada ratusza poznańskiego $dRecepcja form z traktatu Serlia i antyczny program $hJerzy Kowalczyk 
028A    $#Kovalʹčyk, Je. $#Kovalʹčyk, Ježy $#Kowalczyk, Jerzy Antoni $713151699X $8Kowalczyk, Jerzy$Z1930-2018 [Tp1] $9177107197 
031A    $d8 $h141-176 $j1970 
033N    $pHeidelberg $nUniv.-Bibl. 
033Q    $a1 Online-Ressource 
034M    $aIllustrationen 
037G    $aOnline-Ausgabe 
039B    $aEnthalten in $8--Obvc--. Rocznik historii sztuki. - Warszawa : Polska Akademia Nauk, 1956-. - Online-Ressource. - ISSN 2720-2933. - DOI 10.11588/diglit.12451. - urn:nbn:de:bsz:16-diglit-124512 $x197000000080000859 $9290997941 
044K    $RPosen $#Ratusz Posen Posen $74494847-5 $8Rathaus Posen$gPosen [Tg1] $9089139712 
045E    $c700 
045T    $a9,10 

lok: 47164611 3

exp: 47164611 3 1 #EPN
201B/01 $007-11-20 $t22:19:02.049 
201C/01 $007-11-20 
201U/01 $0utf8 
203@/01 $01128845482 
204U/01 $0urn:nbn:de:bsz:16-diglit-133960 $SV98 
208@/01 $a07-11-20 $bl 

lok: 47164611 78

exp: 47164611 78 1 #EPN
201B/01 $023-01-25 $t14:36:33.000 
201C/01 $023-01-25 
201U/01 $0utf8 
203@/01 $01289590605 
208@/01 $a23-01-25 $be 
209A/01 $a/ $f000 $x00 
209A/01 $ab*p $x01 
220C/01 $aeja 
244Z/01 $#Generalgouvernement Polen $#Polska $#Rzeczpospolita Polska $#Polska Rzeczpospolita Ludowa $#Poland $#Pologne $#République Polonaise $#Generalne Gubernatorstwo w Polsce $#Polish People's Republic $#Polska Rzeczpospolita Polen $#PRL $#RP $#Polen Generalgouvernement $#Polska Generalgouvernement $#Besetzte Polnische Gebiete $#Besetztes Gebiet in Polen $#Okupowane Polskie Obszary $#Obszary Okupowane w Polsce $#Volksrepublik Polen $#Polska Rosyjska $#Republic Polen $#Respublika Pol'ša $#Pol'skaja Narodnaja Respublika $#République de Pologne $#Polen Links der Weichsel $#Polska po Lewej Stronie Wisły $#Lenkija $#Polija $#Gubernija Carstva Pol'skago $#Republik Polen $74046496-9 $8--Tg1--Polen $x01 $9085129801 
244Z/01 $#Wielkopolska $#Polonia Maior $#Greater Poland $#Velkopolsko $#Grande-Pologne $#Nagy-Lengyelország $74223407-4 $8--Tg1--Großpolen $x09 $9086156667 
247C/01 $82080>Marburg/Lahn, Herder-Institut, Forschungsbibliothek, Bibliographieportal $9336309341
LEADER 00000caa a22000002c 4500
001 471646113
003 DE-603
005 20251126163827.0
007 cr||||||||||||
008 201106s1970 xx |||| o| u00||u|pol c
024 7 |a urn:nbn:de:bsz:16-diglit-133960  |2 urn 
035 |a (DE-599)HEB471646113 
040 |a DE-603  |b ger  |c DE-603  |d DE-603 
041 |a pol 
084 |a 700  |q DE-101  |2 sdnb 
084 |a 9,10  |2 ssgn 
100 1 |a Kowalczyk, Jerzy  |d 1930-2018  |0 (DE-603)177107197  |0 (DE-588)13151699X  |2 gnd 
245 0 0 |a Fasada ratusza poznańskiego  |b Recepcja form z traktatu Serlia i antyczny program  |c Jerzy Kowalczyk 
264 0 |c 1970 
300 |b Illustrationen 
336 |a Text  |b txt  |2 rdacontent 
337 |a Computermedien  |b c  |2 rdamedia 
338 |a Online-Ressource  |b cr  |2 rdacarrier 
530 |a Online-Ausgabe 
533 |b Heidelberg  |c Univ.-Bibl.  |d 2012  |e 1 Online-Ressource  |7 s2012uuuuxx u| 
651 7 |a Rathaus Posen  |g Posen  |0 (DE-588)4494847-5  |0 (DE-603)089139712  |2 gnd 
773 0 8 |i Enthalten in  |t Rocznik historii sztuki  |d Warszawa : Polska Akademia Nauk, 1956-  |h Online-Ressource  |o 10.11588/diglit.12451  |o urn:nbn:de:bsz:16-diglit-124512  |x 2720-2933  |g Band 8 (1970), Seite 141-176  |w (DE-603)290997941  |w (DE-600)2654042-3 
856 |u http://digi.ub.uni-heidelberg.de/diglit/rhs1970/0147  |x Verlag 
924 1 |9 603  |a (DE-603)1128845482  |b DE-603  |c HES  |d d 
924 1 |9 2080  |a (DE-603)1289590605  |b DE-2080  |c HES  |d d  |g /